Loading...
| Literature - British | 0 | 4 | 0 | 0 | 40 | 103 | 115.25 | 0 | 0 | 0.00 | 2.10 |
| Literature - European | 0 | 4 | 0 | 1 | 40 | 68 | 98.00 | 1 | 2 | 0.00 | 0.00 |
| Current Events | 0 | 3 | 0 | 0 | 30 | 40 | 71.67 | 1 | 2 | 0.00 | 0.00 |
| History - Other | 0 | 3 | 0 | 2 | 30 | 100 | 115.00 | 0 | 0 | 0.00 | 0.00 |
| Literature - World | 0 | 3 | 0 | 0 | 30 | 72 | 97.67 | 0 | 2 | 0.00 | 0.00 |
| Philosophy | 0 | 3 | 1 | 2 | 25 | 58 | 113.67 | 0 | 2 | 0.00 | 0.00 |
| Literature - American | 0 | 2 | 0 | 0 | 20 | 61 | 94.00 | 2 | 2 | 0.00 | 0.00 |
| History - World | 0 | 2 | 0 | 2 | 20 | 69 | 94.50 | 0 | 0 | 0.00 | 0.00 |
| Mythology | 0 | 1 | 0 | 1 | 10 | 131 | 131.00 | 0 | 0 | 0.00 | 0.00 |
| Other Academic | 0 | 1 | 0 | 0 | 10 | 93 | 93.00 | 0 | 1 | 0.00 | 0.00 |
| History - European | 0 | 2 | 2 | 1 | 10 | 34 | 66.50 | 0 | 1 | 1.14 | 4.95 |
| Fine Arts - Classical Music | 0 | 1 | 0 | 0 | 10 | 63 | 63.00 | 0 | 1 | 0.00 | 0.00 |
| Social Science | 0 | 1 | 0 | 1 | 10 | 91 | 91.00 | 1 | 1 | 0.00 | 0.00 |
| Religion | 0 | 1 | 0 | 0 | 10 | 106 | 106.00 | 0 | 0 | 0.00 | 0.00 |
| Science - Biology | 0 | 1 | 0 | 1 | 10 | 138 | 138.00 | 0 | 0 | 2.72 | 14.10 |
| History - American | 0 | 1 | 1 | 1 | 5 | 122 | 122.00 | 0 | 1 | 0.78 | 1.52 |
| Fine Arts - Other | 0 | 0 | 1 | 0 | -5 | 0.00 | 0 | 0 | 0.00 | 0.00 |